00537cam a2200145u 450000100100000000500170001000800410002704000250006810000320009324501430012526000760026830000170034465000130036170000170037400001388120200929163402.0831213s1906 sp 000 0 spa  aDO-SdBNPbspacBNPHU1 aFlora, Federicod1867-1958.10aCiencia de la hacienda :bversión española hecha sobre la 2a. ed. italiana y aumentada por el autor con prólogo y notas Vicente Gay. aMadrid, :bLibrería General de Victoriano SuárezbV. Suarez,c1906. av. ;c21 cm. 4aFinance.1 aGay, Vicente